<?xml version="1.0" encoding="UTF-8"?>
<record
    xmlns:xsi="http://www.w3.org/2001/XMLSchema-instance"
    xsi:schemaLocation="http://www.loc.gov/MARC21/slim http://www.loc.gov/standards/marcxml/schema/MARC21slim.xsd"
    xmlns="http://www.loc.gov/MARC21/slim">

  <leader>02688nkc a22002657a 4500</leader>
  <controlfield tag="001">85838</controlfield>
  <controlfield tag="005">20260429115546.0</controlfield>
  <controlfield tag="007">kh bo </controlfield>
  <controlfield tag="008">260427s1920    sp ||||| |||| |0| i|spa d</controlfield>
  <datafield tag="040" ind1=" " ind2=" ">
    <subfield code="a">M-RABA</subfield>
    <subfield code="b">spa</subfield>
    <subfield code="c">M-RABA</subfield>
  </datafield>
  <datafield tag="245" ind1="0" ind2="1">
    <subfield code="a">[Nu&#xF1;o Gonsalves</subfield>
    <subfield code="b">: detalles de las pinturas del Altar de San Vicente, en la Catedral de Lisboa]</subfield>
    <subfield code="h">[Material gr&#xE1;fico]</subfield>
  </datafield>
  <datafield tag="260" ind1=" " ind2=" ">
    <subfield code="a">: Lisboa</subfield>
    <subfield code="b">: Amigos do Museu de Arte Antiga Lisboa</subfield>
    <subfield code="c">[ca.1920]</subfield>
  </datafield>
  <datafield tag="300" ind1=" " ind2=" ">
    <subfield code="a">6 fotograf&#xED;as</subfield>
    <subfield code="b">: reproducci&#xF3;n fotomec&#xE1;nica</subfield>
    <subfield code="c">; imagen 24 x 17 cm (medidas m&#xE1;ximas)</subfield>
    <subfield code="c">; imagen 14 x 9 cm (medidas m&#xED;nimas)</subfield>
  </datafield>
  <datafield tag="500" ind1="0" ind2="0">
    <subfield code="a">Conjunto de 6 fotograf&#xED;as que representan diferentes fragmentos del pol&#xED;ptico del siglo XV "La Veneraci&#xF3;n de San Vicente" realizado por el pintor portugu&#xE9;s Nuno Gon&#xE7;alves para la Catedral de Lisboa. Dichas im&#xE1;genes son provenientes de la fundaci&#xF3;n "Amigos do Museu de Arte Antiga de Lisboa"(dos de ellas tienen formato de tarjeta postal (Fot-800, Fot-801).</subfield>
  </datafield>
  <datafield tag="500" ind1="0" ind2="0">
    <subfield code="a">Inscripciones mecanografiadas al verso que indica t&#xED;tulo de la obra y autor:
Fot-800: "Retratos de Nuno e Joham Gon&#xE7;alves". Del pol&#xED;ptico: "Veneraci&#xF3;n a San Vicente".
Fot-801: "Retrato del Infante D. Enrique". Del pol&#xED;tico: "Veneraci&#xF3;n a San Vicente".
Fot-802: "Panel del Arzobispo". Del pol&#xED;tico: "Veneraci&#xF3;n a San Vicente".
Fot-803: "Panel de los pecadores y los caballeros". Del pol&#xED;tico: "Veneraci&#xF3;n a San Vicente".
Fot-804: "Panel de los frailes y la reliquia". Del pol&#xED;tico: "Veneraci&#xF3;n a San Vicente".
Fot-805: "Panel de los infantes". Del pol&#xED;tico: "Veneraci&#xF3;n a San Vicente".</subfield>
  </datafield>
  <datafield tag="655" ind1=" " ind2="7">
    <subfield code="a">Fotograf&#xED;as de obras de arte</subfield>
    <subfield code="9">75675</subfield>
  </datafield>
  <datafield tag="852" ind1=" " ind2=" ">
    <subfield code="j">Fot-800; Fot-801; Fot-802; Fot-803; Fot-804; Fot-805</subfield>
  </datafield>
  <datafield tag="856" ind1=" " ind2=" ">
    <subfield code="u">https://archivoybiblioteca.realacademiabellasartessanfernando.com/cgi-bin/koha/opac-retrieve-file.pl?id=4a588887a7ff2a596da2c2d06c16b0a0</subfield>
    <subfield code="y">Fot-800</subfield>
  </datafield>
  <datafield tag="856" ind1=" " ind2=" ">
    <subfield code="u">https://archivoybiblioteca.realacademiabellasartessanfernando.com/cgi-bin/koha/opac-retrieve-file.pl?id=bf36902acf01239d82969462a203dd41</subfield>
    <subfield code="y">Fot-801</subfield>
  </datafield>
  <datafield tag="856" ind1=" " ind2=" ">
    <subfield code="u">https://archivoybiblioteca.realacademiabellasartessanfernando.com/cgi-bin/koha/opac-retrieve-file.pl?id=ffecc4fc76238c58e3588143e12d221c</subfield>
    <subfield code="y">Fot-802</subfield>
  </datafield>
  <datafield tag="856" ind1=" " ind2=" ">
    <subfield code="u">https://archivoybiblioteca.realacademiabellasartessanfernando.com/cgi-bin/koha/opac-retrieve-file.pl?id=78a940c8a0a32f4c738d1cc8f0c9cc17</subfield>
    <subfield code="y">Fot-803</subfield>
  </datafield>
  <datafield tag="856" ind1=" " ind2=" ">
    <subfield code="u">https://archivoybiblioteca.realacademiabellasartessanfernando.com/cgi-bin/koha/opac-retrieve-file.pl?id=5431251e0fc0a2d241daeaba1de5e3a6</subfield>
    <subfield code="y">Fot-804</subfield>
  </datafield>
  <datafield tag="856" ind1=" " ind2=" ">
    <subfield code="u">https://archivoybiblioteca.realacademiabellasartessanfernando.com/cgi-bin/koha/opac-retrieve-file.pl?id=2a77a3a9251a333a860e53196fb4392a</subfield>
    <subfield code="y">Fot-805</subfield>
  </datafield>
  <datafield tag="942" ind1=" " ind2=" ">
    <subfield code="c">FOTOGRAF&#xCD;A</subfield>
    <subfield code="n">0</subfield>
  </datafield>
  <datafield tag="952" ind1=" " ind2=" ">
    <subfield code="0">0</subfield>
    <subfield code="1">0</subfield>
    <subfield code="2">ddc</subfield>
    <subfield code="4">0</subfield>
    <subfield code="7">0</subfield>
    <subfield code="8">FOTOGRAFIA</subfield>
    <subfield code="a">RABASF</subfield>
    <subfield code="b">RABASF</subfield>
    <subfield code="c">DP2</subfield>
    <subfield code="d">2026-04-27</subfield>
    <subfield code="l">0</subfield>
    <subfield code="o">Fot-800</subfield>
    <subfield code="p">1097126</subfield>
    <subfield code="r">2026-04-27 13:50:17</subfield>
    <subfield code="w">2026-04-27</subfield>
    <subfield code="y">FOTOGRAF&#xCD;A</subfield>
  </datafield>
  <datafield tag="952" ind1=" " ind2=" ">
    <subfield code="0">0</subfield>
    <subfield code="1">0</subfield>
    <subfield code="2">ddc</subfield>
    <subfield code="4">0</subfield>
    <subfield code="7">0</subfield>
    <subfield code="8">FOTOGRAFIA</subfield>
    <subfield code="a">RABASF</subfield>
    <subfield code="b">RABASF</subfield>
    <subfield code="c">DP2</subfield>
    <subfield code="d">2026-04-27</subfield>
    <subfield code="l">0</subfield>
    <subfield code="o">Fot-801</subfield>
    <subfield code="p">1097127</subfield>
    <subfield code="r">2026-04-27 13:50:17</subfield>
    <subfield code="w">2026-04-27</subfield>
    <subfield code="y">FOTOGRAF&#xCD;A</subfield>
  </datafield>
  <datafield tag="952" ind1=" " ind2=" ">
    <subfield code="0">0</subfield>
    <subfield code="1">0</subfield>
    <subfield code="2">ddc</subfield>
    <subfield code="4">0</subfield>
    <subfield code="7">0</subfield>
    <subfield code="8">FOTOGRAFIA</subfield>
    <subfield code="a">RABASF</subfield>
    <subfield code="b">RABASF</subfield>
    <subfield code="c">DP2</subfield>
    <subfield code="d">2026-04-27</subfield>
    <subfield code="l">0</subfield>
    <subfield code="o">Fot-802</subfield>
    <subfield code="p">1097128</subfield>
    <subfield code="r">2026-04-27 13:50:17</subfield>
    <subfield code="w">2026-04-27</subfield>
    <subfield code="y">FOTOGRAF&#xCD;A</subfield>
  </datafield>
  <datafield tag="952" ind1=" " ind2=" ">
    <subfield code="0">0</subfield>
    <subfield code="1">0</subfield>
    <subfield code="2">ddc</subfield>
    <subfield code="4">0</subfield>
    <subfield code="7">0</subfield>
    <subfield code="8">FOTOGRAFIA</subfield>
    <subfield code="a">RABASF</subfield>
    <subfield code="b">RABASF</subfield>
    <subfield code="c">DP2</subfield>
    <subfield code="d">2026-04-27</subfield>
    <subfield code="l">0</subfield>
    <subfield code="o">Fot-803</subfield>
    <subfield code="p">1097129</subfield>
    <subfield code="r">2026-04-27 13:50:17</subfield>
    <subfield code="w">2026-04-27</subfield>
    <subfield code="y">FOTOGRAF&#xCD;A</subfield>
  </datafield>
  <datafield tag="952" ind1=" " ind2=" ">
    <subfield code="0">0</subfield>
    <subfield code="1">0</subfield>
    <subfield code="2">ddc</subfield>
    <subfield code="4">0</subfield>
    <subfield code="7">0</subfield>
    <subfield code="8">FOTOGRAFIA</subfield>
    <subfield code="a">RABASF</subfield>
    <subfield code="b">RABASF</subfield>
    <subfield code="c">DP2</subfield>
    <subfield code="d">2026-04-27</subfield>
    <subfield code="l">0</subfield>
    <subfield code="o">Fot-804</subfield>
    <subfield code="p">1097130</subfield>
    <subfield code="r">2026-04-27 13:50:17</subfield>
    <subfield code="w">2026-04-27</subfield>
    <subfield code="y">FOTOGRAF&#xCD;A</subfield>
  </datafield>
  <datafield tag="952" ind1=" " ind2=" ">
    <subfield code="0">0</subfield>
    <subfield code="1">0</subfield>
    <subfield code="2">ddc</subfield>
    <subfield code="4">0</subfield>
    <subfield code="7">0</subfield>
    <subfield code="8">FOTOGRAFIA</subfield>
    <subfield code="a">RABASF</subfield>
    <subfield code="b">RABASF</subfield>
    <subfield code="c">DP2</subfield>
    <subfield code="d">2026-04-27</subfield>
    <subfield code="l">0</subfield>
    <subfield code="o">Fot-805</subfield>
    <subfield code="p">1097131</subfield>
    <subfield code="r">2026-04-27 13:50:17</subfield>
    <subfield code="w">2026-04-27</subfield>
    <subfield code="y">FOTOGRAF&#xCD;A</subfield>
  </datafield>
  <datafield tag="999" ind1=" " ind2=" ">
    <subfield code="c">85838</subfield>
    <subfield code="d">85838</subfield>
  </datafield>
</record>
